University Photo Quiz Stats

 Plays Quiz not verified by Sporcle

Also try: Old and New Things
Challenge
Share
Tweet
Score 0/15 Timer 10:00
0 Plays Today
% Correct
Columbia University
95.7%
University of Virginia
54.3%
Princeton University
46.7%
Stanford University
30.4%
University of Notre Dame
30.4%
Harvard University
22.8%
University of Southern California
21.7%
Florida State University
21.7%
% Correct
University of Washington
18.5%
Swarthmore College
16.3%
Furman University
15.2%
United States Naval Academy
10.9%
Villanova University
10.9%
Brandeis University
8.7%
Colorado University
6.5%

You're not logged in!

Compare scores with friends on all Sporcle quizzes.
Join for Free
OR
Log In

You Might Also Like...

Show Comments

Extras

Created Feb 10, 2014ReportNominate
Tags:University Quiz, campus, school

Top Quizzes Today


Score Distribution

Your Account Isn't Verified!

In order to create a playlist on Sporcle, you need to verify the email address you used during registration. Go to your Sporcle Settings to finish the process.

Report this User

Report this user for behavior that violates our Community Guidelines.

Details: